Giáo trình tin học lý thuyết và hướng dẫn thực hành P.1 : XML nền tảng và ứng dụng P.1

Zapisane w:
Opis bibliograficzny
1. autor: Nguyễn Phương Lan
Format: Książka
Wydane: Giáo dục 2001
Etykiety: Dodaj etykietę
Nie ma etykietki, Dołącz pierwszą etykiete!
Thư viện lưu trữ: Mạng thư viện Đại học Đà Nẵng
LEADER 00658nam a2200229 a 4500
001 000028681
003 16285
005 20171030145630.0
008 171030s2001
020 |c 69000 
040 |a LTT 
082 0 |a 005.72  |b NG-L 
100 1 |a Nguyễn Phương Lan 
245 0 0 |a Giáo trình tin học lý thuyết và hướng dẫn thực hành P.1 : XML nền tảng và ứng dụng  |c Nguyễn Phương Lan, Hoàng Đức Hải.  |n P.1 
260 |b Giáo dục  |c 2001 
OWN |a LTT 
999 |a From the UDN01 
TYP |a Monograph 
TYP |a Printed language 
980 |a Mạng thư viện Đại học Đà Nẵng